LEADER 00877nam a2200205 i 4500 001 000000239037 003 CaOOAMICUS 005 20150218000000.0 008 150218s1823 it u000 u fre u 013 $a217942 026 $al.le t,s, .)d. lene (3) 1823 (R) 040 $aSeMil$bita 245 10$aTome 10. 300 $a[4], 522 p. 773 0 $aRichard, Charles Louis <1711-1794>$tBibliothèque sacrée, ou dictionnaire universel historique, dogmatique, canonique, géographique et chronologique des sciences ecclésiastiques ... par les révérends pères Richard et Giraud ... Tome 1. [-29.].$dA Paris : Chez Méquignon fils ainé, 1822.$g10$w()11410 850 $aSeMil 852 $aSeMil$W1$xVenegono$y1$m3D II 18 FA$j189383$B189383$CSeMilBibl$Z2$F200183 $8I 941 1 $a10 961 $aRecupero: Mantegazza 996 $6245$aTome 10$9(OLS)http://semarc/title/181882 LEADER 01201nam a2200253 i 4500 001 000000232510 003 CaOOAMICUS 005 20220228124311.0 008 140829s1818 it u000 u ita u 013 $a211413 026 $aerto m.x- sesi edun (7) 1818 (A) 040 $aSeMil$bita 100 1 $aLeone, Evasio,$c.$0(OLS)http://semarc/name/13878 245 13$aIl Cantico dei cantici tradotto ed illustrato da Evasio Leone. 260 $aMilano :$bPresso Pietro Agnelli,$c1818. 300 $a217, [3] p. ;$c12°. 650 4$aBibbia. Antico Testamento. Cantico dei Cantici - Commentari, studi, critica, interpretazioni.$0(OLS)http://semarc/subject/5490 650 4$aBibbia. Antico Testamento. Cantico dei Cantici - Traduzioni italiane.$0(OLS)http://semarc/subject/4468 700 1 $aAgnelli, Pietro,$c.$0(OLS)http://semarc/name/2823 850 $aSeMil 852 $aSeMil$W1$xVenegono$y1$m2Y I 60 FA$j182856$B182856$CSeMilBibl$Z2$F193878 $8I 996 $6245$aIl Cantico dei cantici tradotto ed illustrato da Evasio Leone$9(OLS)http://semarc/title/331772 996 $6260$aMilano :$bPresso Pietro Agnelli$9(OLS)http://semarc/publisher/38454